[Event "Sub-Zonal 2.3.4 2011"]
[Site "Pereira COL"]
[Date "2011.09.30"]
[Round "11"]
[White "Escobar Forero,A"]
[Black "Rios,Cr"]
[Result "1/2-1/2"]
[WhiteElo "2466"]
[BlackElo "2349"]

1.Nf3 Nf6 2.g3 g6 3.c4 Bg7 4.Bg2 O-O 5.Nc3 d6 6.O-O Nc6 7.d4 Bg4 8.Rb1 Bxf3
9.Bxf3 Nd7 10.e3 e5 11.Ne2 a5 12.Bg2  1/2-1/2

[Event "34th OFSz Mayor's Cup"]
[Site "Zabrze POL"]
[Date "2011.09.30"]
[Round "10.3"]
[White "Mulet,P"]
[Black "Sroka,J"]
[Result "1-0"]
[WhiteElo "2284"]
[BlackElo "2080"]

1.c4 Nf6 2.g3 g6 3.Bg2 Bg7 4.Nf3 O-O 5.O-O d6 6.Nc3 Nc6 7.d3 e5 8.Bd2 h6
9.Rb1 Nh5 10.b4 Ne7 11.e4 Be6 12.b5 Qd7 13.Nd5 b6 14.a4 Kh7 15.Ne1 c5 16.Nc2 Nxd5
17.cxd5 Bh3 18.Ne3 Nf6 19.Nc4 Ng8 20.Bxh3 Qxh3 21.Nxd6 Rad8 22.Nc4 f5 23.f3 f4
24.gxf4 exf4 25.Qe2 Bd4+ 26.Kh1 Nf6 27.Qg2 Qh5 28.Be1 g5 29.Bf2 Rg8 30.Bxd4 cxd4
31.Ne5 g4 32.Nxg4 Nxg4 33.fxg4 Rxg4 34.Qf2 Rdg8 35.Rbc1 R8g7 36.Rg1 Rxg1+
37.Rxg1 Rxg1+ 38.Kxg1 Qg4+ 39.Qg2 Qd1+ 40.Qf1 Qg4+ 41.Kh1 h5 42.d6 f3 43.h3 Qf4
44.d7 Qf6 45.e5 Qg5 46.Qxf3 Qc1+ 47.Kg2 Qg5+ 48.Qg3 Qd2+ 49.Kf3 Qxd3+ 50.Kg2 Qd2+
51.Kh1 Qd1+ 52.Qg1 Qf3+ 53.Qg2  1-0

[Event "Belgrade Premier League 2011"]
[Site "Belgrade SRB"]
[Date "2011.10.03"]
[Round "3.3"]
[White "Spiric,I"]
[Black "Tisma,I"]
[Result "1-0"]
[WhiteElo "2276"]
[BlackElo "2147"]

1.Nf3 Nf6 2.c4 g6 3.g3 Bg7 4.Bg2 O-O 5.O-O d6 6.d4 Na6 7.Nc3 c5 8.d5 Nc7
9.e4 Rb8 10.a4 a6 11.Qe2 b5 12.axb5 axb5 13.e5 Ng4 14.e6 fxe6 15.Ng5 exd5
16.Nxd5 e5 17.Ra7 Nxd5 18.Bxd5+ Kh8 19.Nf7+ Rxf7 20.Rxf7 bxc4 21.Qxc4 Nh6
22.Bxh6 Bxh6 23.Ra1 Rb4 24.Raa7 Qg8 25.Qa2 Rd4 26.Rxh7+ Qxh7 27.Rxh7+ Kxh7
28.Bg8+ Kh8 29.Qf7 Bg7 30.Qe8 Bf5 31.Be6+ Kh7 32.Bxf5 gxf5 33.Qh5+ Kg8 34.Qxf5 e4
35.g4 Rd2 36.Qxe4  1-0

[Event "Belgrade Premier League 2011"]
[Site "Belgrade SRB"]
[Date "2011.10.04"]
[Round "4.2"]
[White "Svetac,N"]
[Black "Sarenac,D"]
[Result "0-1"]
[WhiteElo "2277"]
[BlackElo "2273"]

1.Nf3 Nf6 2.c4 g6 3.g3 Bg7 4.Bg2 O-O 5.O-O d5 6.cxd5 Nxd5 7.d4 Nb6 8.Nc3 Nc6
9.d5 Na5 10.e4 c6 11.dxc6 Nxc6 12.h3 Be6 13.Bf4 Qc8 14.Kh2 Rd8 15.Qb1 Nb4
16.Rd1 Rxd1 17.Qxd1 Qe8 18.a3 Rd8 19.Qb1 Nd3 20.Bc7 Rd7 21.Bxb6 axb6 22.Bf1 Qd8
23.Qc2 Ne5 24.Nxe5 Bxe5 25.Rd1 Rxd1 26.Qxd1 Qxd1 27.Nxd1 Bb3 28.Nc3 Bd4 29.Kg2 e5
30.h4 Kf8 31.Kf3 Ke7 32.Bh3 Bc4 33.Bc8 Ba6 34.Bh3 h5 35.Nd1 Bb5 36.b3 Bc6
37.Bg2 f5 38.Ke2 fxe4 39.a4 b5 40.axb5 Bxb5+ 41.Ke1 Bc6 42.Ne3 Kd6 43.Kd2 Kc5
44.Kc2 Kb4 45.Bh3 Bxe3 46.fxe3 Bd5 47.Kb2 Bxb3 48.Bc8 Bd5 49.Bh3 b5 50.Bg2 Kc4
51.Bf1+ Kc5 52.Bg2 b4 53.Kc2 Kb5 54.Kb2 Ka4 55.Bh3 Kb5 56.Bf1+ Kc5 57.Bg2 Kd6
58.Kc2 Ke6 59.Bh3+ Kf6 60.Kb2 g5 61.Bg2 Kf5 62.Bh3+ g4 63.Bf1 Ke6 64.Bb5 Ke7
65.Kc2 Bf7 66.Bc6 Kd6 67.Bxe4 Kc5 68.Bd3 Kb6 69.Kb2 Ka5 70.Be4 Kb5 71.Bd3+ Ka4
72.Bc2+ b3 73.Bxb3+ Kb4 74.Bc2 Bc4 75.Bd1 e4 76.Bxg4 hxg4 77.h5 Bg8 78.h6 Bh7  0-1

[Event "1st Qinhuangdao Open"]
[Site "Qinhuangdao CHN"]
[Date "2011.10.04"]
[Round "5"]
[White "Liu Qingnan"]
[Black "Lu Yijie"]
[Result "0-1"]
[WhiteElo "2430"]
[BlackElo "2370"]

1.Nf3 Nf6 2.g3 g6 3.Bg2 Bg7 4.c4 O-O 5.O-O d6 6.Nc3 Nc6 7.d4 Bf5 8.b3 e5
9.d5 Nd4 10.Ne1 Bd7 11.e3 Nf5 12.Bb2 a5 13.a4 c6 14.dxc6 bxc6 15.Ba3 Qc7
16.g4 Nxg4 17.Qxg4 Nxe3 18.Qe2 Nxf1 19.Rd1 Rfd8 20.Bxd6 Qb7 21.Bxf1 Qxb3
22.Qc2 Qxc2 23.Nxc2 e4 24.Nxe4 Bf5 25.Bg2 c5 26.Ne3 Ra6 27.Bc7 Rxd1+ 28.Nxd1 Ra7
29.Bf4 Re7 30.f3 Rb7 31.Nec3 Bd4+ 32.Kf1 Bd3+ 33.Ke1 Bxc4 34.Kd2 Bb3 35.Be3 Rd7
36.Kc1 Bxd1 37.Nxd1 Bxe3+ 38.Nxe3 Rd4 39.Bf1 Rxa4 40.Bc4 Ra3 41.Kd2 Kg7 42.Bd5 f5
43.h4 Kf6 44.Bg8 h6 45.f4 Ra1 46.h5 gxh5 47.Nd5+ Kg7 48.Be6 a4 49.Ne3 Kf6
50.Bc4 h4 51.Nd5+ Kg7 52.Ne7 h3 53.Nxf5+ Kf6 54.Nxh6 Rg1 55.Ng8+ Kg7 56.Ne7 h2
57.Bd5 a3  0-1

[Event "World Amateur Chess Championship"]
[Site "Antalya TUR"]
[Date "2011.10.06"]
[Round "5"]
[White "Karayel,A"]
[Black "Demirbas,Fatih"]
[Result "0-1"]
[WhiteElo "1954"]
[BlackElo "1735"]

1.Nf3 Nf6 2.g3 g6 3.c4 Bg7 4.Bg2 O-O 5.d4 d6 6.O-O Nbd7 7.Nc3 c6 8.e4 Qc7
9.Re1 e5 10.h3 exd4 11.Nxd4 Ne5 12.b3 Nh5 13.Be3 Nd7 14.Qd2 Nc5 15.Kh2 f5
16.f4 Nxe4 17.Nxe4 fxe4 18.Bxe4 Qd7 19.Bg2 Qc7 20.Rad1 Nf6 21.Bf2 Qf7 22.Nf3 Ne8
23.Ng5 Qc7 24.Ne4 Bf5 25.Nxd6 Nxd6 26.Qxd6 Qa5 27.g4 Rad8 28.Qe7 Rxd1 29.Rxd1 Bc8
30.a4 Qc3 31.Qe3 Qf6 32.Qxa7 Qxf4+ 33.Bg3 Qg5 34.Rd3 Qc1 35.Qe3 Qa1 36.Bd6 Rd8
37.Bg3 Bd4 38.Qe1 Qxe1 39.Bxe1 Bg1+ 40.Kxg1 Rxd3 41.b4 Rd4 42.c5 Be6 43.Kf2 Bd5
44.Bxd5+ Rxd5 45.Ke3 Kf7 46.Bc3 Ke6 47.Bd4 Rd8 48.Ke4 Ra8 49.a5 Rf8 50.Be3 Rf1
51.h4 Rb1 52.Bd2 Rb2 53.Bc3 Rg2 54.Kf4 Kd5 55.h5 gxh5 56.gxh5 Kc4 57.Bf6 Kxb4
58.Be7 Kxa5 59.Bd8+ Kb5 60.Bb6 Kc4 61.Kf5 Kd5 62.Kf6 Rg1 63.Kf7 Rg5  0-1

[Event "1st Qinhuangdao Open"]
[Site "Qinhuangdao CHN"]
[Date "2011.10.07"]
[Round "9"]
[White "Pantsulaia,L"]
[Black "Ding Liren"]
[Result "0-1"]
[WhiteElo "2614"]
[BlackElo "2659"]

1.Nf3 Nf6 2.c4 g6 3.g3 Bg7 4.Bg2 O-O 5.O-O d6 6.d4 Nc6 7.Nc3 a6 8.d5 Na5
9.Nd2 c5 10.Qc2 b5 11.cxb5 axb5 12.Nxb5 Qb6 13.Nc3 Bf5 14.e4 Bc8 15.h3 Ba6
16.Rd1 Nd7 17.Nf3 Nc4 18.Rb1 Qb4 19.Bf1 Rfb8 20.Bxc4 Qxc4 21.Bg5 Bxc3 22.bxc3 Qe2
23.Nd2 Ne5 24.Rxb8+ Rxb8 25.Qa4 f6 26.Be3 Kf7 27.Qc2 Nf3+ 28.Kg2 Bd3 29.Qa4 Nxd2
30.Rxd2 Qf1+  0-1

[Event "20th TCh-CRO 1b"]
[Site "Sibenik CRO"]
[Date "2011.10.07"]
[Round "4.3"]
[White "Galic,I2"]
[Black "Sedlak,N"]
[Result "1/2-1/2"]
[WhiteElo "2354"]
[BlackElo "2589"]

1.Nf3 Nf6 2.c4 g6 3.g3 Bg7 4.Bg2 O-O 5.Nc3 d5 6.cxd5 Nxd5 7.O-O Nb6 8.d3 Nc6
9.Be3 e5 10.Rc1 h6 11.b4 Re8 12.Ne4 Nd5 13.b5 Nd4 14.Rc5 Ne6 15.Rc1 a6 16.a4 axb5
17.axb5 f5 18.Nc5 Nxe3 19.fxe3 Qd6 20.Nxe6 Bxe6 21.Nh4 Qb6 22.Nxg6 Qxe3+
23.Kh1 Ra2 24.Rc2 Rea8 25.Ne7+ Kh7 26.Nxf5 Bxf5 27.Rxa2 Rxa2 28.Rxf5 Rd2
29.Qg1 Qxe2 30.Be4 Kh8  1/2-1/2

[Event "II Oliver Gonzalez Memorial"]
[Site "Madrid ESP"]
[Date "2011.10.08"]
[Round "1.50"]
[White "Lorite Cruz,F"]
[Black "Dierssen Garcia-Barredo,Guiller"]
[Result "1-0"]
[WhiteElo "2038"]
[BlackElo "1682"]

1.Nf3 Nf6 2.g3 g6 3.Bg2 Bg7 4.c4 O-O 5.Nc3 c5 6.O-O Nc6 7.a3 d5 8.cxd5 Nxd5
9.Qb3 Nc7 10.d3 Na5 11.Qa4 Ne6 12.Bd2 Bd7 13.Qd1 Rc8 14.Rb1 b6 15.Ne4 Nc6
16.e3 Rc7 17.b4 cxb4 18.axb4 Bc8 19.d4 Bb7 20.Nc3 Nb8 21.Qb3 Bxf3 22.Bxf3 Bxd4
23.Nb5 Bg7 24.Nxc7 Ng5 25.Bg2 Qxc7 26.h4 Ne6 27.Rbc1 Qd7 28.Rfd1 Qb5 29.Bf1 Qh5
30.Bc4 Nd8 31.Bc3 Ndc6 32.Bxg7 Kxg7 33.Qb2+ Qe5 34.Qxe5+ Nxe5 35.Be2 Nec6
36.b5 Nb4 37.Ra1 a5 38.bxa6 N8c6 39.Bf3 Na7 40.Rab1 Nbc6 41.Rxb6 Ne5 42.Be2 e6
43.Rb7 Ra8 44.f4 Nec6 45.Rdd7  1-0

[Event "TCh-SWE 2011-12"]
[Site "Malmo SWE"]
[Date "2011.10.08"]
[Round "2"]
[White "Bjarnehag,P"]
[Black "Nilsson,S"]
[Result "1/2-1/2"]
[WhiteElo "2148"]
[BlackElo "2362"]

1.Nf3 Nf6 2.c4 g6 3.g3 Bg7 4.Bg2 O-O 5.d4 d6 6.Nc3 Nbd7 7.O-O e5 8.e4 a6
9.Re1 exd4 10.Nxd4 Ng4 11.h3 Nge5 12.b3 Nc5 13.Be3 b5 14.cxb5 axb5 15.Ndxb5 c6
16.Nd4 Ba6 17.Qd2 Re8 18.Red1 Qd7 19.Nce2 Ned3 20.Nf4 Qe7 21.Nxd3 Nxd3 22.Rab1 Qe6
23.Ne2 Nc5 24.Nf4 Qe7 25.Qxd6 Nxe4 26.Qxe7 Rxe7 27.Bxe4 Rxe4 28.Rbc1 g5 29.Nd3 Bc8
30.g4 h5  1/2-1/2

[Event "TCh-MNE 1st League"]
[Site "Tivat MNE"]
[Date "2011.10.08"]
[Round "3.1"]
[White "Aleksic,Nen2"]
[Black "Mijovic,S"]
[Result "1/2-1/2"]
[WhiteElo "2289"]
[BlackElo "2378"]

1.Nf3 Nf6 2.c4 g6 3.g3 Bg7 4.Bg2 O-O 5.O-O d6 6.Nc3 e5 7.d4 Nbd7 8.dxe5 dxe5
9.h3 c6 10.Qd6 Re8 11.Be3 Bf8 12.Qd2 Qc7 13.Rfd1 Nc5 14.b4 Nce4 15.Nxe4 Nxe4
16.Qc2 f5 17.c5 Be6 18.Nd2 Nxd2 19.Bxd2 Rad8 20.Bc3 Bg7 21.a3 e4 22.Bxg7 Qxg7
23.e3 Rd3 24.Rab1 Rxa3 25.Rd4 Ra2 26.Qc3 Re7 27.Bf1 Rd7 28.Rbd1 a5 29.bxa5 Ra4
30.Qb2 Raxd4 31.Rxd4 Rxd4 32.Qxd4 Qxd4 33.exd4 g5 34.h4 h6 35.hxg5 hxg5 36.Be2 Kf7
37.f4 exf3 38.Bxf3 Bc4 39.Kf2 Ke6 40.Ke3 Bd5 41.Be2  1/2-1/2

[Event "11th Winterthur Open"]
[Site "Winterthur SUI"]
[Date "2011.10.08"]
[Round "1"]
[White "Fleischer,Eu"]
[Black "Gaehwiler,G"]
[Result "0-1"]
[WhiteElo "2002"]
[BlackElo "2205"]

1.Nf3 Nf6 2.c4 g6 3.g3 Bg7 4.Bg2 O-O 5.Nc3 d6 6.O-O a6 7.d4 Nc6 8.h3 Bd7
9.e4 e5 10.Be3 exd4 11.Nxd4 Re8 12.Rc1 Rb8 13.Qc2 Qc8 14.Nxc6 bxc6 15.Kh2 Re5
16.Bf4 Rh5 17.h4 h6 18.Kg1 g5 19.e5 Ng4 20.f3 Nxe5 21.hxg5 hxg5 22.Bxe5 Bxe5
23.Qf2 Bh3 24.Rfd1 Bxg2 25.Qxg2 Qh3 26.Rc2 Qxg2+ 27.Kxg2 Kg7 28.b3 Rbh8  0-1

[Event "TCh-ROU Superliga 2011"]
[Site "Brasov ROU"]
[Date "2011.10.12"]
[Round "5.3"]
[White "Manea,Al"]
[Black "Vajda,Le"]
[Result "0-1"]
[WhiteElo "2415"]
[BlackElo "2557"]

1.Nf3 Nf6 2.c4 g6 3.g3 Bg7 4.Bg2 O-O 5.O-O d6 6.d4 Nbd7 7.Qc2 c5 8.Nc3 cxd4
9.Nxd4 Nb6 10.b3 d5 11.cxd5 Nfxd5 12.Nxd5 Bxd4 13.Nxb6 Bf5 14.e4 Qxb6 15.Bb2 Rac8
16.Bxd4 Qxd4 17.Qd1 Qxd1 18.Raxd1 Bg4 19.f3 Be6 20.f4 Rc5 21.Bf3 h5 22.Rd2 b5
23.Be2 a5 24.Kf2 Rfc8 25.Rfd1 Kg7 26.Ke3 a4 27.bxa4 bxa4 28.a3 Bb3 29.Ra1 e5
30.Bd1 Rc3+ 31.Rd3 Rxd3+ 32.Kxd3 Rd8+ 33.Ke2 Bc4+ 34.Ke1 Rd4 35.fxe5 Rxe4+
36.Kf2 Rxe5 37.Bxa4 Re2+ 38.Kg1 Bd5 39.Rd1 Be4 40.Rd7 Rg2+ 41.Kf1 Rxh2 42.Bb3 Rg2
43.Rxf7+ Kh6 44.Re7 Rxg3 45.Bd1 Bc6 46.a4 Ra3 47.Ke2 h4 48.Re6 Ra2+ 49.Ke3 Bxa4
50.Bf3 Bc2 51.Re8 Bf5 52.Kf4 Ra4+ 53.Ke3 Kg5 54.Rb8 Ra3+ 55.Kf2 Ra2+ 56.Ke3 h3
57.Rh8 Bg4 58.Be4 Re2+ 59.Kd3 Re1 60.Bb7 Bh5 61.Ba8 Rb1 62.Be4 Rd1+  0-1

[Event "Chigorin Memorial Open"]
[Site "St Petersburg RUS"]
[Date "2011.10.15"]
[Round "2.65"]
[White "Goganov,A"]
[Black "Korchagina,V"]
[Result "1-0"]
[WhiteElo "2500"]
[BlackElo "2109"]

1.c4 Nf6 2.Nf3 g6 3.g3 Bg7 4.Bg2 O-O 5.O-O d5 6.cxd5 Nxd5 7.Nc3 Nxc3 8.bxc3 c5
9.Rb1 Qa5 10.Qc2 Nc6 11.a4 Qa6 12.Rb5 Be6 13.Rxc5 Qxe2 14.Re1 Qa6 15.d4 Bg4
16.Ng5 h6 17.Ne4 f5 18.Bf1 Qb6 19.Rb5 Qc7 20.Nc5 Kh8 21.Ne6 Qc8 22.Qd2 f4
23.Nxf8 Bxf8 24.Qxf4 a6 25.Rxb7 Qxb7 26.Qxg4  1-0

[Event "Chigorin Memorial Open"]
[Site "St Petersburg RUS"]
[Date "2011.10.15"]
[Round "2.38"]
[White "Neverov,V"]
[Black "Duzhakov,I"]
[Result "0-1"]
[WhiteElo "2508"]
[BlackElo "2325"]

1.Nf3 Nf6 2.c4 g6 3.g3 Bg7 4.Bg2 O-O 5.O-O d6 6.d4 Nc6 7.Nc3 Re8 8.d5 Na5
9.Nd2 c5 10.Rb1 a6 11.b3 Rb8 12.Bb2 b5 13.Ba1 e6 14.e4 Bd7 15.Re1 bxc4 16.bxc4 exd5
17.cxd5 Ng4 18.h3 Ne5 19.Bf1 Qg5 20.Re3 Qh6 21.f4 Bxh3 22.Ne2 Bd7 23.Bxe5 dxe5
24.Ra3 exf4 25.gxf4 Bg4 26.e5 Rxb1 27.Nxb1 Nc4 28.Qa4 Rxe5 29.fxe5 Bxe5 30.Kf2 Qh4+
31.Ng3 Qh2+ 32.Bg2 Bd4+  0-1

[Event "III Curitiba ITT"]
[Site "Curitiba BRA"]
[Date "2011.10.16"]
[Round "5"]
[White "Choma,E"]
[Black "Cruz,Will"]
[Result "1-0"]
[WhiteElo "2350"]
[BlackElo "2161"]

1.Nf3 Nf6 2.c4 g6 3.g3 Bg7 4.Bg2 O-O 5.O-O d6 6.d4 Nbd7 7.Nc3 e5 8.e4 c6
9.h3 Qb6 10.Re1 exd4 11.Nxd4 Re8 12.Na4 Qc7 13.Bf4 Ne5 14.b3 Nfd7 15.Be3 Nc5
16.Nc3 a5 17.Bf1 a4 18.b4 Ne6 19.Kh1 Nf3 20.Qxf3 Nxd4 21.Bxd4 Bxd4 22.Rad1 Qb6
23.Rd2 f5 24.Qd3 Bg7 25.a3 Be6 26.Qc2 Bxc3 27.Qxc3 fxe4 28.c5 dxc5 29.Bc4 cxb4
30.Qf6 Qc7 31.Bxe6+ Rxe6 32.Qxe6+ Qf7 33.Qxf7+ Kxf7 34.axb4 a3 35.Ra2 Ra4
36.Rb1 Ke6 37.Rb3 Ra8 38.Rbxa3 Rf8 39.Rd2 h5 40.Kg2 g5  1-0

[Event "TCh-MNE 1st League"]
[Site "Tivat MNE"]
[Date "2011.10.16"]
[Round "9.3"]
[White "Tadic,Br"]
[Black "Djukic,Ni"]
[Result "1/2-1/2"]
[WhiteElo "2486"]
[BlackElo "2493"]

1.Nf3 Nf6 2.c4 g6 3.g3 Bg7 4.Bg2 O-O 5.O-O d6 6.d4 Nc6 7.Nc3 a6 8.h3 Bd7
9.e4 e5 10.dxe5 dxe5 11.Re1 Re8  1/2-1/2

[Event "Indonesia Open"]
[Site "Jakarta INA"]
[Date "2011.10.17"]
[Round "6.5"]
[White "Nguyen Van Huy"]
[Black "Fier,A"]
[Result "1/2-1/2"]
[WhiteElo "2449"]
[BlackElo "2583"]

1.Nf3 Nf6 2.c4 g6 3.g3 Bg7 4.Bg2 O-O 5.O-O d6 6.Nc3 Nc6 7.Rb1 e5 8.d3 h6
9.b4 a6 10.a4 Be6 11.b5 axb5 12.axb5 Ne7 13.Bb2 b6 14.Ra1 Rc8 15.Nd2 Nd7
16.Nd5 f5 17.f4 g5 18.e3 Ng6 19.Qh5 Bf7 20.Qe2 gxf4 21.exf4 Re8 22.Qf2 Nc5
23.Ra3 Be6 24.Ba1 Kh7 25.d4 exd4 26.Bxd4 Bxd5 27.Bxd5 Bxd4 28.Qxd4 Re7 29.Re3 Rxe3
30.Qxe3 Qf6 31.Re1 Rd8 32.Nf3 Rd7 33.Qd4 Qf8 34.Re3 Re7 35.Kg2 Rxe3 36.Qxe3 Ne7
37.Qd4 Ng6 38.Kf2 Qe7 39.Qe3 Qf6 40.Qd4  1/2-1/2

[Event "XXIX Balaton Open A"]
[Site "Heviz HUN"]
[Date "2011.10.20"]
[Round "3"]
[White "Varga,Me"]
[Black "Vegh,E"]
[Result "1-0"]
[WhiteElo "2139"]
[BlackElo "2267"]

1.Nf3 Nf6 2.c4 g6 3.g3 Bg7 4.Bg2 O-O 5.d4 d5 6.cxd5 Nxd5 7.O-O Nb6 8.Nc3 Nc6
9.d5 Na5 10.e4 c6 11.Bf4 cxd5 12.Nxd5 Nxd5 13.exd5 Bg4 14.Rc1 Rc8 15.Rxc8 Bxc8
16.b3 Bg4 17.Qd2 Bxf3 18.Bxf3 b6 19.Rc1 Bf6 20.d6 g5 21.Bxg5 exd6 22.Bh6 b5
23.Bxf8 Kxf8 24.Qh6+ Bg7 25.Qh3 Ke7 26.Qxh7  1-0

[Event "TCh-AUT 2 Mitte 2011-12"]
[Site "St Valentin AUT"]
[Date "2011.10.21"]
[Round "1"]
[White "Steiner,Stef"]
[Black "Wegerer,F"]
[Result "1/2-1/2"]
[WhiteElo "2272"]
[BlackElo "2159"]

1.Nf3 Nf6 2.c4 g6 3.g3 Bg7 4.Bg2 O-O 5.Nc3 d6 6.d4 c6 7.h3 Nbd7 8.Be3 e5
9.dxe5 dxe5 10.Qb3 Qe7 11.Rd1 Re8 12.Nd2 Nc5 13.Qa3 Bf8 14.O-O Be6 15.b3 a5
16.Qb2 Qc7 17.g4 Nfd7 18.Nde4 Nxe4 19.Nxe4 Bg7 20.g5 Bf5 21.Qc1 Bxe4 22.Bxe4 Nf8
23.Bf3 Ne6 24.Bg4 Nd4 25.Bxd4 exd4 26.Rd3 Re7 27.Qd2 c5 28.Kg2 Rae8 29.Re1 Re5
30.Qf4 Qe7 31.h4 Re4 32.Qg3 Be5 33.Qh3 Bb8 34.Bf3 Re5 35.Bd5 Kg7 36.Rf3 Rf8
37.e4 b5 38.Rf6 bxc4 39.bxc4 h6 40.Qg4 hxg5 41.hxg5 Rxg5 42.Qxg5 Qxf6 43.Qxf6+ Kxf6
44.Kf3 g5 45.Rb1 Bf4 46.Rb6+ Ke5 47.Ke2 Rh8 48.Bxf7 Kxe4 49.Bg6+ Ke5 50.Rb5 Kf6
51.Rb6+ Ke5 52.Rb5 d3+ 53.Kxd3 Rd8+ 54.Kc3 Bd2+ 55.Kc2 Bb4 56.a3 Bxa3 57.Rxa5 Bb4
58.Ra2 Rd2+ 59.Kb3 Rxa2 60.Kxa2 Kf4 61.Bh5 g4 62.Kb3 Be1 63.Kc2 Bxf2 64.Kd3 Kf3
65.Kd2 Bh4 66.Kd1 Bg3 67.Kd2 Be5 68.Ke1 Bd4 69.Kf1 Kg3 70.Bf7 Kf3  1/2-1/2

[Event "Chigorin Memorial Open"]
[Site "St Petersburg RUS"]
[Date "2011.10.22"]
[Round "9.12"]
[White "Andriasian,Z"]
[Black "Al Sayed,Mohamad"]
[Result "1-0"]
[WhiteElo "2615"]
[BlackElo "2519"]

1.c4 Nf6 2.Nf3 g6 3.g3 Bg7 4.Bg2 O-O 5.O-O c5 6.Nc3 d5 7.cxd5 Nxd5 8.Nxd5 Qxd5
9.d3 Nc6 10.Be3 Qd6 11.Rc1 Nd4 12.Nd2 Bg4 13.Re1 Qa6 14.Rxc5 Rac8 15.Bxd4 Bxd4
16.Rxc8 Rxc8 17.Qb1 Be6 18.b3 b5 19.Ne4 b4 20.e3 Bc3 21.Rc1 Qa3 22.d4 Bf5
23.Bf3 h5 24.Kg2 a5 25.h3 a4 26.g4 axb3 27.axb3 hxg4 28.hxg4 Bxe4 29.Bxe4 Kg7
30.Bf3 Rh8 31.Qc2 Qa5 32.Qe4 Qc7 33.Rc2 Rh4 34.Kf1 Qa7 35.Rc1 Qc7 36.Qd5 Rh8
37.Qc5 Rc8 38.Qb5 Rb8 39.Qa6 Qb6 40.Qc4 Qf6 41.Qd5 Rb6 42.Kg2 Qe6 43.Qa8 Qd6
44.Qc8 Rb8 45.Qc5 Rb6 46.Rh1 e5 47.Qxd6 Rxd6 48.d5 f5 49.e4 f4 50.Be2 Rd8
51.Bb5 Rb8 52.Bc6 Rb6 53.Kf3 Ra6 54.Ba4 Bd4 55.Rc1 Bc3 56.g5 Ra8 57.d6 Rh8
58.d7 Kf7 59.Rh1 Rd8 60.Rh7+ Kf8  1-0

[Event "Chigorin Memorial Open"]
[Site "St Petersburg RUS"]
[Date "2011.10.22"]
[Round "9.18"]
[White "Yevseev,D"]
[Black "Demchenko,A"]
[Result "0-1"]
[WhiteElo "2529"]
[BlackElo "2574"]

1.Nf3 Nf6 2.c4 g6 3.g3 Bg7 4.Bg2 O-O 5.O-O d6 6.d4 Nbd7 7.Nc3 e5 8.e4 exd4
9.Nxd4 Nc5 10.h3 Re8 11.Re1 a5 12.Ndb5 Bd7 13.Bf4 Bxb5 14.cxb5 Nfd7 15.Qc2 h5
16.Rad1 h4 17.gxh4 Qxh4 18.Bg3 Qh8 19.Nd5 Rac8 20.b3 Ne6 21.Qd2 Nf6 22.e5 Nxd5
23.Qxd5 Bxe5 24.Bxe5 dxe5 25.Qxe5 Qxe5 26.Rxe5 b6 27.Bf1 Nc5 28.Red5 Kg7
29.Bc4 Re7 30.Kg2 Rh8 31.R1d4 f5 32.h4 Kf6 33.Rd8 Reh7 34.Rxh8 Rxh8 35.Kf3 Rh7
36.Ke3 Ne4 37.f3 Nd6 38.Kf2 Rh8 39.Kg3 Re8 40.Kf2 Rh8 41.Kg3 Rh7 42.Kf2 Re7
43.a4 Re8 44.Rd1 Rd8 45.Rd3 Kg7 46.Rc3 Rd7 47.Be6 Re7 48.Bd5 f4 49.Bc6 Kf6
50.Bd5 Ke5 51.Ba8 Kd4 52.Rc1 Rh7 53.Rg1 Rxh4 54.Rxg6 Rh2+ 55.Kg1 Rb2 56.Rg7 Rxb3
57.Rxc7 Rb4 58.Rc6 Nc4 59.Re6 Rxa4 60.Re4+ Kc5 61.Rxf4 Ra1+ 62.Kf2 Nd6 63.Ke3 Kxb5
64.Kd3 Kc5 65.Rf8 b5 66.f4 a4 67.f5 Rf1  0-1

[Event "TCh-CZE Liga1 Vychod"]
[Site "Czech Rep CZE"]
[Date "2011.10.23"]
[Round "2"]
[White "Sedlacek, Oldrich"]
[Black "Belunek, Vladimir"]
[Result "0-1"]
[WhiteElo "2259"]
[BlackElo "2273"]

1.Nf3 Nf6 2.g3 g6 3.Bg2 Bg7 4.c4 O-O 5.O-O d6 6.d4 Nc6 7.Nc3 a6 8.d5 Na5
9.b3 c5 10.dxc6 Nxc6 11.Bb2 Bg4 12.Qc1 Rc8 13.Rd1 Qa5 14.Nd5 Nxd5 15.Rxd5 Qc7
16.Bxg7 Kxg7 17.Qf4 Be6 18.Rd2 h6 19.h4 b5 20.cxb5 axb5 21.Rc1 Qb6 22.Rdc2 Bf5
23.Rb2 e5 24.Qd2 Rfd8 25.Ne1 d5 26.Nd3 f6 27.e3 Kh7 28.Rbc2 Bxd3 29.Qxd3 e4
30.Bxe4 dxe4 31.Qxe4 Rd6 32.g4 f5 33.gxf5 gxf5 34.Qxf5+ Rg6+ 35.Kh1 Qb7 36.f3 Ne7  0-1

[Event "TCh-AUT 2 Mitte 2011-12"]
[Site "St Valentin AUT"]
[Date "2011.10.23"]
[Round "3"]
[White "Spindelboeck,G"]
[Black "Kranzl,P"]
[Result "1-0"]
[WhiteElo "2235"]
[BlackElo "2253"]

1.c4 Nf6 2.Nf3 g6 3.g3 Bg7 4.Bg2 O-O 5.O-O d6 6.d4 c6 7.Nc3 Bf5 8.Ne1 e5
9.d5 cxd5 10.cxd5 Na6 11.e4 Bg4 12.f3 Bd7 13.Be3 Ne8 14.Nd3 f5 15.f4 Nf6
16.exf5 Bxf5 17.Kh1 Ng4 18.Bg1 Bxd3 19.Qxd3 exf4 20.Rxf4 Rxf4 21.gxf4 Nc5
22.Qh3 Qd7 23.Re1 Rf8 24.Qg3 Nh6 25.Bxc5 dxc5 26.Qe3 Bd4 27.Qe6+ Qf7 28.d6 Qxe6
29.Rxe6 Rd8 30.Bd5 Kf8 31.Ne4 Nf5 32.Bxb7 Bxb2 33.Bc6 c4 34.d7 Ng7 35.Rd6 Ke7
36.Rd2 Bc1 37.Re2 Bxf4 38.Ba4 Bc7 39.Ng5+ Kf6 40.Nxh7+ Kf5 41.Bc2+ Kf4 42.Kg2 Kg4
43.Bxg6  1-0

[Event "World Youth U16 Ol"]
[Site "Kocaeli TUR"]
[Date "2011.10.25"]
[Round "3.9"]
[White "McClement,A"]
[Black "Balacek,T"]
[Result "0-1"]
[WhiteElo "2088"]
[BlackElo "2245"]

1.Nf3 Nf6 2.c4 g6 3.g3 Bg7 4.Bg2 O-O 5.O-O d6 6.Nc3 e5 7.d3 Nc6 8.Rb1 a5
9.a3 h6 10.b4 axb4 11.axb4 Be6 12.b5 Ne7 13.Qb3 Nh7 14.Bb2 f5 15.Nd2 Rb8
16.Ra1 g5 17.Ra7 c6 18.Rfa1 Rf7 19.bxc6 Nxc6 20.R7a3 Nd4 21.Qd1 Nf6 22.Nb3 Nxb3
23.Qxb3 f4 24.Ra7 Bf8 25.Qb5 Qc8 26.Ne4 Nxe4 27.Bxe4 fxg3 28.hxg3 Bd7 29.Qa5 Bc6
30.Bd5 Bxd5 31.Qxd5 Qc6 32.R1a5 Qb6 33.Bc3 Qxf2+ 34.Kh1 Qf1+ 35.Kh2 Qxe2+
36.Kh1 Qd1+ 37.Kg2 Qc2+ 38.Kh3 Qxc3 39.Rb5 Qd4  0-1

[Event "26th Le Touquet Open"]
[Site "Le Touquet FRA"]
[Date "2011.10.26"]
[Round "7.5"]
[White "Payen,Ar"]
[Black "Bianchi,Guilla"]
[Result "1/2-1/2"]
[WhiteElo "2341"]
[BlackElo "2202"]

1.c4 Nf6 2.Nf3 g6 3.g3 Bg7 4.Bg2 O-O 5.Nc3 d6 6.d4 Nc6 7.O-O a6 8.Qd3 Bf5
9.e4 Bg4 10.Be3 Bxf3 11.Bxf3 Nd7 12.Bg2 e5 13.d5 Nd4 14.Ne2 Nxe2+ 15.Qxe2 a5
16.Rac1 b6 17.b3 h5 18.a3 Kh7 19.Qd2 Nc5 20.Rb1 a4 21.Bxc5 dxc5 22.b4 Qd6
23.Qe3 cxb4 24.axb4 Rfb8 25.Qa3 Bf8 26.Rfc1 Bh6 27.Rc2 Qe7 28.Ra2 Kg8 29.Qc3 Bf8
30.Qa1 Qe8 31.Ra3 Ra7 32.Qc3 Qe7 33.h4 Rba8 34.Bf3 Rb8 35.Bd1 Rba8 36.Bc2 f6
37.Qd2 Kh7 38.Qd1 Qd7 39.Kh2 Bd6 40.Qd3 Qe7  1/2-1/2

[Event "Chinese League"]
[Site "Qingdao CHN"]
[Date "2011.10.26"]
[Round "13"]
[White "Pham Le Thao Nguyen"]
[Black "Ju Wenjun"]
[Result "1/2-1/2"]
[WhiteElo "2349"]
[BlackElo "2519"]

1.Nf3 Nf6 2.c4 g6 3.g3 Bg7 4.Bg2 O-O 5.O-O d6 6.Nc3 e5 7.d3 Nc6 8.Rb1 a5
9.Bg5 h6 10.Bxf6 Bxf6 11.a3 Be6 12.Nd2 Bg7 13.Qc1 Qd7 14.Re1 Rab8 15.b4 axb4
16.axb4 Ne7 17.b5 c6 18.Nb3 Rfc8 19.Qd2 f5 20.Rec1 Bf7 21.Na4 Qd8 22.Qb4 Bf8
23.Nd2 d5 24.c5 cxb5 25.Qxb5 Be8 26.Qb3 Qa5 27.Nb6 Rxc5 28.Rxc5 Qxc5 29.Nxd5 Kg7
30.Qb2 Nc6 31.Nc4 Qd4 32.Ndb6 Qxb2 33.Rxb2 Bc5 34.Bd5 Kf6 35.Kg2 g5 36.h3 h5
37.g4 hxg4 38.hxg4 fxg4 39.Nd2 Bd4 40.Rb1 Rd8 41.Bc4 Na5 42.Ne4+ Kf5 43.Ng3+ Kg6
44.Bd5 Rd6 45.Be4+ Kf7 46.Nd5 Bc6 47.Ne3 Bxe3 48.fxe3  1/2-1/2

[Event "33rd Arco Open"]
[Site "Arco ITA"]
[Date "2011.10.28"]
[Round "7"]
[White "Trauth,M"]
[Black "Mercandelli,C"]
[Result "1/2-1/2"]
[WhiteElo "2185"]
[BlackElo "1907"]

1.Nf3 Nf6 2.c4 g6 3.g3 Bg7 4.Bg2 O-O 5.Nc3 d6 6.O-O Nc6 7.d3 e5 8.Rb1 a5
9.a3 h6 10.b4 axb4 11.axb4 Nd7 12.Qb3 Kh7 13.Nd5 Ne7 14.Bb2 c6 15.Nxe7 Qxe7
16.Ra1 Rxa1 17.Rxa1 f5 18.Nd2 Nf6 19.Ra7 Qc7 20.c5 d5 21.b5 e4 22.Qa4 exd3
23.exd3 f4 24.Qxf4 Qxf4 25.gxf4 cxb5 26.Bxf6 Rxf6 27.Bxd5 Rf5 28.Bxb7 Bxb7
29.Rxb7 Rxc5 30.Ne4 Rf5 31.Nd6 Rf8 32.Nxb5 Rxf4 33.d4 Rf5 34.Nd6 Rf8 35.d5 Kg8
36.Ne4 Re8 37.f3 Rd8 38.d6 Bd4+ 39.Kg2 Be5 40.Re7 Bxd6 41.Re6 Bf4 42.Rxg6+ Kh7
43.Ra6 Rf8 44.h4 Be5 45.Re6 Bd4 46.Kg3 Rf7 47.Kg4 Bb2 48.f4 Bc1 49.f5 h5+
50.Kxh5 Rxf5+ 51.Ng5+ Kg7 52.Re7+ Kf8 53.Ra7 Rb5 54.Rc7 Bxg5 55.hxg5 Rb6
56.Rh7 Kg8 57.Ra7 Rc6 58.g6 Rc1  1/2-1/2

[Event "33rd Arco Open"]
[Site "Arco ITA"]
[Date "2011.10.30"]
[Round "9"]
[White "Trauth,M"]
[Black "Buglisi,M"]
[Result "1-0"]
[WhiteElo "2185"]
[BlackElo "1887"]

1.Nf3 Nf6 2.c4 g6 3.g3 Bg7 4.Bg2 O-O 5.Nc3 d6 6.O-O e5 7.d3 h6 8.Rb1 a5 9.a3 Re8
10.Nd2 c6 11.Nde4 Nxe4 12.dxe4 Na6 13.b4 axb4 14.axb4 Nc7 15.Qd3 Ne6 16.Rd1 Qf6
17.Qf3 Qe7 18.e3 Ng5 19.Qe2 Nh3+ 20.Kh1 h5 21.Qf1 Ng5 22.h4 Nh7 23.Qe2 Bg4
24.Bf3 Be6 25.Kg2 Nf6 26.Qd3 Red8 27.Bb2 Ng4 28.Ra1 Rxa1 29.Rxa1 Qf6 30.Qe2 g5
31.hxg5 Qxg5 32.Rh1 f5 33.exf5 Bxf5 34.e4 Be6 35.Bc1 Qg6 36.Nd1 Qf7 37.Ne3 Rf8
38.Bxg4 hxg4 39.Rh4 Qf3+ 40.Qxf3 gxf3+ 41.Kh2 Ra8 42.Nf5 d5 43.Ne7+ Kf7 44.exd5 cxd5
45.Nxd5 Rd8  1-0